| 000 | 00491nam a2200169 a 4500 | ||
|---|---|---|---|
| 001 | 1861 | ||
| 005 | 20140414132021.0 | ||
| 008 | 010503s19uu xx 00 eng d | ||
| 020 | _a0-590-52840-8 | ||
| 050 |
_aTR _bIL8 1994 |
||
| 100 | _aPandell, Karen | ||
| 245 |
_aI love you, sun, I love you, moon / _cby Karen Pandell ; pictures by Tommie de Paola. |
||
| 260 |
_aNew York : _bScholastic, _c1994. |
||
| 300 | _a1v. p. : ill. ; cm. | ||
| 650 |
_aExpressions _xFiction. |
||
| 999 |
_c113461 _d113461 |
||